| 000 | 01493nam a2200385 i 4500 | ||
|---|---|---|---|
| 003 | DO-SdBNP | ||
| 005 | 20260217123422.0 | ||
| 006 | a||||fr|||| 00| 0 | ||
| 007 | ta | ||
| 008 | 240809t1979 ag ao||| |||| 00| 0 spa d | ||
| 040 |
_aDO-SdBNP _bspa _cBNPHU _erda |
||
| 041 | _heng | ||
| 082 | 4 |
_222 _bT572f |
|
| 100 | 1 |
_4Tylei, Varro E. _eautor |
|
| 245 | 1 | 0 |
_aFarmacognosia / _bVarro E. Tylei, Lynn R. Brady, James E. Robber; prefacio, Indina West Lafayette, Washingotn Sealtle; traductor, Mario A. Marino |
| 250 | _aSegunda edición | ||
| 264 | 4 |
_aArgentina, Buenos Aires : _bEditorial El Ateneo, _c©1979 |
|
| 300 |
_a450 páginas : _bilustraciones, fotografías ; _c26 cm. |
||
| 336 |
_2rdacontent _atexto _btxt |
||
| 337 |
_2rdamedia _asin mediación _bn |
||
| 338 |
_2rdacarrier _avolumen _bnc |
||
| 500 | _aIncluye índice alfabético. | ||
| 504 | _aBibliografía: páginas 34,83,88(113),169,195,258,387,438. | ||
| 534 |
_aTíitulo original en inglés: Pharmacognosy _b7a. edición. _cPhiladelphia, Pennsylvania, U.S.A. |
||
| 590 | _aInventariado 2024 / MF | ||
| 650 | 7 |
_aDrogas _xAspectos Legales _917130 _2LIBRUNAM |
|
| 650 | 4 |
_aDrogas Alucinógenas _947863 |
|
| 650 | 4 |
_aUtilización de Drogas _917132 |
|
| 700 | 1 |
_aBrady, Lynn R., _eautor _986275 |
|
| 700 | 1 |
_aRobber, James E., _eautor _986276 |
|
| 700 | 1 |
_aWest Lafayette, Indiana, _eprólogo _986277 |
|
| 700 | 1 |
_aSealtle, Washingotn, _eprólogo _986278 |
|
| 700 | 1 |
_aMarino, Mario A. _etraductor _960620 |
|
| 942 |
_2ddc _cLBS1 |
||
| 999 |
_c57399 _d57399 |
||